000
00313nam a22001457a 4500
003
SGT
082
_a
615.53
_b
A15S
100
_a
SINGH,RAMHARSE
245
_a
AYURVEDA KA HISTORY
250
_a
1ST
260
_a
VARANASI
_b
CHAUKHAMBHA PUB
_c
2015
300
_a
581
650
_a
AYURVEDA HISTORY
942
_2
ddc
_c
BK
_0
3
999
_c
8716
_d
8716